000 00815nas a2200253 4500
001 BR2016002092
003 BR-BrBNA
005 20231205130433.0
007 ta
008 230509b bl.|||p| |||| 00| 00por d
040 _aBR-BrBNA
_bpor
_cBiblioteca Nacional de Agricultura
041 _a(En)
072 _aL72; L70
100 1 _aSerra-Freire, N.M.
100 1 _aAmorim, M.
100 1 _aGazêta, G.S.
245 1 _aDiagnostic of Ixodes woodi Bishopp, 1911 (Acari: Ixodidae)in Brazil: immigration on Homo sapiens - case report
650 _aCARRAPATO
650 _aIMIGRACAO
650 _aPARASITO
773 0 _tRevista Brasileira de Medicina Veterinária (Brazil)
_xISSN 0100-2430
_g(Jan-Mar 2015), v. 37(1) p. 97-99
_wBR2016002092
909 _a202311
_bLúcia
_c55
_dLúcia Elande
942 _2AGRIS
_n0
_cANA
999 _c249437
_d249437